000 00759nam a2200217 a 4500
001 000019905
005 20200929170202.0
008 100708s1953 mx a r 001 0 spa d
040 _aDO-SdBNP
_bspa
_cBNPHU
082 _axxx
_bF514c
100 1 _aFinney, H. A.
_942459
245 1 0 _aCurso de contabilidad intermedia /
_cH. A. Finney ; traducción M. de J. Fernández Cepero.
250 _a1a reimp.
260 _aMéxico D. F. :
_bUnión Tipográfica Editorial Hispano-Americana,
_c1953.
300 _aT. 1 :
_bil. ;
_c23 cm.
490 1 _aBiblioteca UTEHA de contabilidad superior
500 _aIncluye índice alfabético
700 1 _aFernández Cepero, M. de J.
_942460
830 0 _aBiblioteca UTEHA de contabilidad superior
_942461
049 _aBNGR
999 _c19418
_d19418